LEADER 00467nab a2200145 i 4500 001 000000314647 003 CaOOAMICUS 005 20180831173135.0 008 180831n xx uu u0 0und r 013 $a23735 040 $aSeMil$bita 100 1 $aMaccagnolo, Enzo.$0(OLS)http://semarc/name/9278 245 13$aLa filosofia italiana contemporanea. 773 0 $t[Gennaio-Dicembre].$g351-368$w()274251 996 $6245$aLa filosofia italiana contemporanea$9(OLS)http://semarc/title/388789 LEADER 00803nam a2200205 i 4500 001 000000062586 003 CaOOAMICUS 005 20130301000000.0 008 130301s1952 it u000 u ita u 013 $a33758 040 $aSeMil$bita 100 1 $aBea, Agostino,$c.$0(OLS)http://semarc/name/502 245 10$aMaria nella Rivelazione /$ccollaboratori : Agostino Bea ... [et al.]. 300 $a310 p. 650 4$aMariologia - Studi.$0(OLS)http://semarc/subject/1438 700 1 $aSträter, Paolo.$0(OLS)http://semarc/name/12849 773 0 $tMariologia.$d[Genova] : Marietti, 1952-1958.$gVolume1$w()28134 850 $aSeMil 852 $aSeMil$W1$xVenegono$y1$m2L IV 160$j28739$B28739$CSeMilBibl$Z2$F28742 $81 996 $6245$aMaria nella Rivelazione$9(OLS)http://semarc/title/98554